Мальовнича Україна (Запис № 16834)

000 -Маркер запису
Контрольне поле сталої довжини 02082nam a22002537a 4500
003 - Належність контрольного номера
Контрольне поле Uzh_bibl
008 - Кодовані дані
Контрольне поле сталої довжини 260219b |||||||| |||| 00| 0 ukr d
020 ## - Індекс ISBN
ISBN 978-966-577-139-5
Ціна 383.15
040 ## - Джерело каталогіз.
Код мови каталог. укр.
041 ## - Код мови видання
Код мови оригіналу українська
Код мови тексту українська
080 ## - Індекс УДК
Індекс УДК 908
090 ## - Шифри
Поличний індекс 908
Авторський знак М18
100 ## - Автор
Автор Малаков, Дмитро
245 ## - Назва
Назва Мальовнича Україна
Відповідальність Ред. А.Л.Вакуленко, Л.С.Горпинич
Фізичний носій Текст
260 ## - Вихідні дані
Місце видання Київ
Видавництво "Мистецтво"
Дата видання 2011
300 ## - Фізичний опис
Обсяг 336 с.
Ілл./тип відтвор. іл.
Тип одиниці В опр.
520 ## - Анотація
Анотація Альбом розповідає про багатовікову культуру та мальовничу природу держави Україна. Храми і монастирі, замки і фортеці, палаци і маєтки та сучасні споруди характеризують творчий злет народних майстрів і професійних митців, які від часів Київської Русі до сьогодення створили неоціненну спадщину нашого народу. Видання знайомить із різноманітними чарівними куточками всіх регіонів країни - від Карпатських гір на заході до донецьких степів на сході, від відголубоплесого озерного Полісся на півночі до сонячних берегів Криму й Одеси на півдні альбом зачарує кожного читача неповторною к4расою природи України, її давніми архітектурними пам'ятками і новобудовами.
521 ## - Примітка про цільове призначення
Примітка про цільове призначення Для широкого кола читачів
546 ## - Примітка про мову
Примітка про мову укр.
-- англ.
650 ## - Тематичні рубрики
Основна рубрика Мистецьке видання
653 ## - Ключові слова
Ключові слова Замки
-- Фортеці
-- Палаци
-- Маєтки
655 ## - Термін індексування — жанр/форма
Жанр/форма Мистецька література
Типове ділення Альбом
942 ## - ADDED ENTRY ELEMENTS (KOHA)
Джерело класифікації чи схема поличного розташування
Koha item type Книги
Фонди
Статус вилучення Статус втрати/відсутності Джерело класифікації чи схема поличного розташування Статус пошкодження Тип обігу (не для випозичання) Постійне розташування Поточне розташування Розташування у відділі Дата надходження Інвентарний номер Total Checkouts Повний (примірниковий) шифр зберігання Штрих-код Date last seen Дата, для якої чинна ціна заміни Тип одиниці (рівень примірника)
          Бібліотека-філія №2 Бібліотека-філія №2 Абонемент старший відділ 19/02/2026 61204   908 18687 19/02/2026 19/02/2026 Книги

Працює на АБІС Коха